000 00303nam a22001337a 4500
008 171004b xxu||||| |||| 00| 0 eng d
020 _a9781572243811
041 _aeng
080 _a159.9
100 _a48
101 _aPSI
245 _aOVERCOMING OBSESIVE THOUGHHTS
_cPURDON.CH
942 _2udc
_cBK
999 _c31552
_d31552